ბათუმის შოთა რუსთაველის სახელმწიფო უნივერსიტეტის ბიბლიოთეკა

Города Кавказа на Великом Шелковом пути / (ბიბ.ჩანაწერი № 61437)

000 -LEADER
fixed length control field 00766nam a22001937a 4500
005 - DATE AND TIME OF LATEST TRANSACTION
control field 20240313151618.0
008 - FIXED-LENGTH DATA ELEMENTS--GENERAL INFORMATION
fixed length control field 240313b xxu||||| |||| 00| 0 geo d
020 ## - INTERNATIONAL STANDARD BOOK NUMBER
International Standard Book Number 9952432429
041 ## - LANGUAGE CODE
Language code of text/sound track or separate title rus
080 ## - UNIVERSAL DECIMAL CLASSIFICATION NUMBER
Universal Decimal Classification number 94(479.1) : 39.9 (4:5) М-91
100 ## - MAIN ENTRY--PERSONAL NAME
Personal name Мурадалиева, Эльмира
9 (RLIN) 21417
245 ## - TITLE STATEMENT
Title Города Кавказа на Великом Шелковом пути /
Statement of responsibility, etc. Эльмира Мурадалиева.
264 ## - PRODUCTION, PUBLICATION, DISTRIBUTION, MANUFACTURE, AND COPYRIGHT NOTICE
Place of production, publication, distribution, manufacture Баку :
Name of producer, publisher, distributor, manufacturer Кавказ,
Date of production, publication, distribution, manufacture, or copyright notice 2011.
300 ## - PHYSICAL DESCRIPTION
Extent 200 с. ;
Other physical details 22 см.
440 ## - SERIES STATEMENT/ADDED ENTRY--TITLE
Title "История Кавказа"
9 (RLIN) 21418
653 ## - INDEX TERM--UNCONTROLLED
keyword კავკასიის ქალაქები აბრეშუმის დიდ გზაზე
653 ## - INDEX TERM--UNCONTROLLED
keyword ისტორია
942 ## - ADDED ENTRY ELEMENTS (KOHA)
Source of classification or shelving scheme
Koha item type წიგნი
ეგზემპლარები
Withdrawn status Lost status Source of classification or shelving scheme Damaged status Not for loan Permanent Location Current Location Shelving location Date acquired Cost, normal purchase price Full call number Barcode Date last seen Copy number Uniform Resource Identifier Price effective from Koha item type Public note
          ბათუმის შოთა რუსთაველის სახელმწიფო უნივერსიტეტის მთავარი ბიბლიოთეკა ბათუმის შოთა რუსთაველის სახელმწიფო უნივერსიტეტის მთავარი ბიბლიოთეკა წიგნსაცავი 2024-03-13 8.00 94(479.1) : 39.9 (4:5) М-91 65800 2024-03-13 65800 ბსუ-ს საპატიო დოქტორის გურამ ლორთქიფანიძის საჩუქარი 2024-03-13 წიგნი 8 ლ.